Obras

保存先:
書誌詳細
第一著者: Torres, Carlos Arturo (著者)
フォーマット: 図書
言語:スペイン語
出版事項: Bogotá Instituto Caro y Cuervo 2001
シリーズ:Biblioteca Colombiana, 48-49
主題:
タグ: タグ追加
タグなし, このレコードへの初めてのタグを付けませんか!

MARC

LEADER 00000nam a2200000 a 4500
001 UCK4843
003 CL-VaPUC
008 050624e20010000CK |||||||||||||||||spa|d
082 0 4 |a Co864  |b TOR  |2 21 
100 0 |a Torres, Carlos Arturo  |e author  |9 493471 
245 1 0 |a Obras 
300 |a v 
942 |c BK 
945 |d 20050624 00:00:00  |a jcarroza 
260 |a Bogotá  |b Instituto Caro y Cuervo  |c 2001 
500 |a v.1: Idola Fori y escritos políticos 
500 |a v.2: Ensayos históricos literarios 
650 0 |a Literatura colombiana   |9 315578 
650 7 |a ENSAYOS COLOMBIANOS  |2 CL-VaPUC  |9 344240 
583 |a last modification  |c 20050624 00:00:00  |k Rodrigo Vera 
490 0 |a Biblioteca Colombiana, 48-49 
999 |c 313585  |d 313583 
952 |0 0  |1 0  |4 0  |6 CO_864_000000000000000_TOR_2001  |7 0  |8 A  |9 385007  |a BIBEDU  |b BIBEDU  |d 2019-11-22  |h v.1  |i 412233K  |o Co864 TOR 2001  |p 412233K  |r 2019-11-22  |w 2019-11-22  |y BK  |k LIT 
952 |0 0  |1 0  |4 0  |6 CO_864_000000000000000_TOR_2001  |7 0  |8 A  |9 385008  |a BIBEDU  |b BIBEDU  |d 2019-11-22  |h v.2  |i 4122062  |o Co864 TOR 2001  |p 4122062  |r 2019-11-22  |w 2019-11-22  |y BK  |k LIT